| 000 | 00659nam a2200229 a 4500 | ||
|---|---|---|---|
| 999 |
_c1521 _d1521 |
||
| 003 | PK-NaQUE | ||
| 005 | 20250925083459.0 | ||
| 008 | 250925b ||||| |||| 00| 0 eng d | ||
| 020 | _a0412476002 (hardcover) | ||
| 020 | _a9780412476006 (hardcover) | ||
| 040 | _cQUEST | ||
| 100 | 1 | _aPriest, S.D. | |
| 245 | 1 | 0 | _aDiscontinuity Analysis for Rock Engineering / |
| 250 | _a1st ed. | ||
| 260 |
_a[S.l.] : _bSpringer, _c1992. |
||
| 300 | _a496 p. ; | ||
| 650 | _aRock mechanics | ||
| 650 | _aStrains and stresses--Mathematical models | ||
| 650 | _aGeography | ||
| 856 | 4 | 0 |
_uhttp://10.10.170.122:8080/browse/book/3391 _yDownload eBook |
| 942 |
_cBK _2ddc |
||